الاتهام ب إزعاج السلطات والبلاغ الكاذب / (Record no. 76207)
[ view plain ]
| 000 -LEADER | |
|---|---|
| fixed length control field | 01966nam a2200325 i 4500 |
| 003 - CONTROL NUMBER IDENTIFIER | |
| control field | EG-GICUC |
| 005 - DATE AND TIME OF LATEST TRANSACTION | |
| control field | 20260507174411.0 |
| 008 - FIXED-LENGTH DATA ELEMENTS--GENERAL INFORMATION | |
| fixed length control field | 260507s2015 ua ||||fr|||| 00| 0 ara d |
| 040 ## - CATALOGING SOURCE | |
| Original cataloging agency | EG-GICUC |
| Language of cataloging | ara |
| Transcribing agency | EG-GICUC |
| Modifying agency | EG-GICUC |
| Description conventions | rda |
| 041 ## - LANGUAGE CODE | |
| Language code of text/sound track or separate title | ara |
| Language code of original | ara |
| 082 04 - DEWEY DECIMAL CLASSIFICATION NUMBER | |
| Edition number | 21 |
| Classification number | 343.263 |
| Item number | ه ش . ا |
| 092 04 - LOCALLY ASSIGNED DEWEY CALL NUMBER (OCLC) | |
| Edition number | 21 |
| 099 ## - LOCAL FREE-TEXT CALL NUMBER (OCLC) | |
| Classification number | Law1 10 343.263 ه ش . ا 2015 |
| 100 0# - MAIN ENTRY--PERSONAL NAME | |
| Personal name | هشام زوين |
| Relator term | مؤلف. |
| 245 12 - TITLE STATEMENT | |
| Title | الاتهام ب إزعاج السلطات والبلاغ الكاذب / |
| Statement of responsibility, etc. | تأليف هشام زوين . |
| 250 ## - EDITION STATEMENT | |
| Edition statement | طبعة 2015 |
| 264 #1 - PRODUCTION, PUBLICATION, DISTRIBUTION, MANUFACTURE, AND COPYRIGHT NOTICE | |
| Place of production, publication, distribution, manufacture | لا يوجد مكان محدد : |
| Name of producer, publisher, distributor, manufacturer | دار القانون للاصدرات القانونية، |
| Date of production, publication, distribution, manufacture, or copyright notice | 2015. |
| 300 ## - PHYSICAL DESCRIPTION | |
| Extent | 82 صفحة ; |
| Dimensions | 24 سم. |
| 336 ## - CONTENT TYPE | |
| Source | rda content |
| Content type term | text |
| 337 ## - MEDIA TYPE | |
| Source | rda media |
| Media type term | Computer |
| 338 ## - CARRIER TYPE | |
| Source | rda carrier |
| Carrier type term | Online Resource |
| 505 ## - FORMATTED CONTENTS NOTE | |
| Formatted contents note | يتضمن:حق الشخص في الإبلاغ وقيد الا يكون الإبلاغ كاذباً، وحق الشخص في إخطار السلطات بأي كارثة أو حادثة أو خطر وقيد الا يكون الغاية مجرد إزعاج السلطات.ماهية الكارثة أو الحادثة أو الخطر موضوع إزعاج السلطات وحرب الإشاعات.الحدود الفاصلة بين الاستعمال المشروع لحق التبليغ وإساءة هذا الاستعمال.مدي خطأ ازداوج الاتهام، بإزعاج السلطات والإبلاغ الكاذب.إزعاج آخر عن طريق التليفون.طبقاً لقضاء محكمة النقض الحديث<br/>وصيغ هامة للجنح المباشرة ومذكرات من الشاكي والمتهم |
| 546 ## - LANGUAGE NOTE | |
| Language note | النص باللغة العربية |
| 650 1# - SUBJECT ADDED ENTRY--TOPICAL TERM | |
| Topical term or geographic name entry element | القانون الجنائي |
| 650 1# - SUBJECT ADDED ENTRY--TOPICAL TERM | |
| Topical term or geographic name entry element | البلاغ الكاذب |
| 650 1# - SUBJECT ADDED ENTRY--TOPICAL TERM | |
| Topical term or geographic name entry element | ازعاج السلطات |
| 856 40 - ELECTRONIC LOCATION AND ACCESS | |
| Uniform Resource Identifier | <a href="https://fll.law.cu.edu.eg/fulltext/bks/B10-12263.pdf">https://fll.law.cu.edu.eg/fulltext/bks/B10-12263.pdf</a> |
| 905 ## - Cataloger and Reviser Names | |
| Cataloger Name: | Gomana |
| 942 ## - ADDED ENTRY ELEMENTS (KOHA) | |
| Source of classification or shelving scheme | Dewey Decimal Classification |
| Suppress in OPAC | No |
| Koha item type | Books |
| Edition | 21 |
| Withdrawn status | Lost status | Source of classification or shelving scheme | Damaged status | Not for loan | Collection | Home library | Current library | Date acquired | Total checkouts | Full call number | Barcode | Date last seen | Copy number | Price effective from | Koha item type |
|---|---|---|---|---|---|---|---|---|---|---|---|---|---|---|---|
| Dewey Decimal Classification | Not for loan | القانون الجنائي | جــــامعة القــاهرة | مكتبة كلية الحقوق - المبنى الرئيسي | 07.05.2026 | Law1 10 343.263 ه ش . ا 2015 1012263 C1 | B10-12263 | 07.05.2026 | 1 | 07.05.2026 | Books |